Welcome to the Holygrace Academy Library

Please use search bar below to get started

GABAN (Record no. 6959)

MARC details
000 -LEADER
fixed length control field 00275nam a22001337a 4500
020 ## - INTERNATIONAL STANDARD BOOK NUMBER
ISBN 978-93-85188-17-6
082 ## - DEWEY DECIMAL CLASSIFICATION NUMBER
Classification number 474
Item number PRE/G
100 ## - MAIN ENTRY--AUTHOR NAME
Personal name PREMCHAND
245 ## - TITLE STATEMENT
Title GABAN
260 ## - PUBLICATION, DISTRIBUTION, ETC. (IMPRINT)
Place of publication DELHI
Name of publisher KAMAL PRAKASHAN
300 ## - PHYSICAL DESCRIPTION
Number of Pages 232
650 ## - SUBJECT ADDED ENTRY--TOPICAL TERM
Topical Term HINDI STORY
Geographic subdivision INDIA
942 ## - ADDED ENTRY ELEMENTS (KOHA)
Koha item type Books
Holdings
Withdrawn status Lost status Collection code Home library Current library Shelving location Date acquired Source of acquisition Cost, normal purchase price Full call number Accession Number Koha item type
    Non-fiction Main Library Main Library SHELF-16F- HINDI FICTIONS,SHORT STORIES 10/10/2022 purchase 120.00 474 PRE/G 12701 Books